000 00203nam a22000857a 4500
008 170403b xxu||||| |||| 00| 0 eng d
100 _93068
_aCCE
245 _aSocial Science-X
260 _aNew Delhi
_bCBSE
_c2010
999 _c6346
_d6346